Geboren in Brandenburg an der Havel - Statistiken

Allgemein
  • Dieses Quiz wurde 34 mal gespielt
    10 seit der letzten Aktualisierung
  • Das Durchschnittsergebnis liegt bei 2 aus 5
Antwortstatistiken
Hinweis Antwort % Korrekt
Humorist, Schauspieler und Regisseur, "Ödipussi" "Pappa ante portas" 1923 Loriot
67%
ehemalige Kanutin und zweiterfolgreichste Olympionikin aller Zeiten 1962 Birgit Fischer
56%
Fußballnationalspieler, TSG 1899 Hoffenheim 2002 Maximilian Beier
44%
ehemaliger Fußballnationalspieler (Borussia Dortmund, Schalke und Tottenham) 1970 Steffen Freund
33%
Schauspielerin, bekannt als Hauptdarstellerin in der Krimireihe "Helen Dorn" 1970 Anna Loos
0%
Keine übereinstimmenden Quizze gefunden
Verteilung der Resultate
Anzahl Personen mit jedem Resultat
Perzentil nach korrekt beantworteten Fragen
Ihre Resultats-Entwicklung
Sie haben dieses Quiz seit der letzten Aktualisierung nicht gespielt